000 00835nam0a22002531 4500
001 rc\4238886
005 20250612024334.0
021 _aRU
_b[64-83628]
035 _a(NLR Aleph) 008468893
090 _a7916858
_c7916858
100 _a20130416d1964 |||y0rusy50 ca
101 0 _arus
102 _aRU
105 _aa z |||||
200 1 _aПовышение производительности труда в черной металлургии
210 _aДонецк
_cДонбасс
_d1964
215 _a71 с.
_cчерт.
_d22
606 _aЧерная металлургия
_xПроизводительность труда
_2psbo
700 1 _aАптекарь
_bС.С.
_gСавелий Семенович
801 0 _aRU
_bNLR
_gpsbo
801 1 _aRU
_bELAR
_2rusmarc
852 _aNLR
_j64-6/12232
942 _cBOOK
980 _aNB